| 000 | 00613nam a2200253Ia 4500 | ||
|---|---|---|---|
| 008 | 181129s9999 xx 000 0 und d | ||
| 020 | _a9780516246321 | ||
| 050 | _bP119 2003 | ||
| 100 | _aPackard, Mary | ||
| 245 | 4 | _aThe kite / | |
| 245 | 0 | _cby Mary Packard ; illustrated by Benrei Huang. | |
| 260 | _aNew York, NY : | ||
| 260 | _bChildren's Press, | ||
| 260 | _c2003 | ||
| 300 | _a29 pages ; | ||
| 300 | _bcolor illustrations ; | ||
| 300 | _c20cm. | ||
| 440 | _aMy first reader. | ||
| 500 | _a60L | ||
| 650 | _aKites. | ||
| 700 | _aHuang, Benrei. | ||
| 700 | _aSeries. | ||
| 700 | _aTitle. | ||
| 999 |
_c359986 _d359986 |
||